000 00447nam a2200181Ia 4500
001 24702
005 20260414151101.0
008 260414t2016||||xx |||||||||||||| ||spa||
041 _aESP
082 _a345.725
_bM26
100 _aMarinoni, Luiz Guilherme
_eAUT
245 0 _aTutela anticipatoria y tutela inhibitoria
_b
260 _c2016
300 _a369 páginas :
_c20 cm.
650 _aDER
654 _aCDE
942 _cLIB
_dJUS
_fJUS
_2ddc
_n
999 _c24702
_d24702